| 000 | 01021 a2200325 4500 | ||
|---|---|---|---|
| 001 | 200420265 | ||
| 003 | TR-AnTOB | ||
| 005 | 20241007105835.0 | ||
| 008 | 140917s tu 000 0 | ||
| 020 | _a9786055564216 (5.Cilt) | ||
| 020 | _a9786055564179( 1.Cilt) | ||
| 020 | _a9786055564186 (2.Cilt) | ||
| 020 | _a9786055564193 (3.Cilt) | ||
| 020 | _a9786055564209 (4.Cilt) | ||
| 040 |
_aTR-AnTOB _btur _erda _cTR-AnTOB |
||
| 041 | 0 | _atur | |
| 050 | 0 | 0 |
_aHJ4165.5.S5 _bZ32 2013 |
| 090 | _aHJ4165.5.S5 Z32 2013 | ||
| 100 | 1 |
_aZabun, Sezgin _9101095 |
|
| 245 | 1 | 0 |
_aSivas : _b1844-1845 temettüat defterleri / _cSezgin Zabun. |
| 264 | 1 |
_aSivas : _bBuruciye Yayınları, _c2013. |
|
| 300 |
_axxii, 359.pages ; _c24 cm |
||
| 336 |
_atext _2rdacontent _btxt |
||
| 337 |
_aunmediated _2rdamedia _bn |
||
| 338 |
_avolume _2rdacarrier _bnc |
||
| 650 | 0 | 0 |
_aGayrimenkul mülkiyeti _xDeğerleme _zTürkiye _zSivas _9101096 |
| 651 |
_aSivas (Türkiye) _xEkonomik durum _y19. yüzyıl _9101099 |
||
| 942 |
_cBK _2lcc |
||
| 999 |
_c200420265 _d37008 |
||